<?xml version="1.0" encoding="UTF-8"?>
<record
    xmlns:xsi="http://www.w3.org/2001/XMLSchema-instance"
    xsi:schemaLocation="http://www.loc.gov/MARC21/slim http://www.loc.gov/standards/marcxml/schema/MARC21slim.xsd"
    xmlns="http://www.loc.gov/MARC21/slim">

  <leader>04222nam a2200265   4500</leader>
  <controlfield tag="003">DO-SdUA</controlfield>
  <controlfield tag="005">20250325093538.0</controlfield>
  <controlfield tag="008">      s2021    dr  || |||| 0 |a||0|spa d</controlfield>
  <datafield tag="040" ind1=" " ind2=" ">
    <subfield code="a">DO-SdUA</subfield>
    <subfield code="b">spa</subfield>
    <subfield code="c">DO-SdUA</subfield>
  </datafield>
  <datafield tag="041" ind1="0" ind2=" ">
    <subfield code="a">spa</subfield>
  </datafield>
  <datafield tag="092" ind1=" " ind2=" ">
    <subfield code="a">MA-EFD 0003 FCE 2021</subfield>
  </datafield>
  <datafield tag="100" ind1="1" ind2=" ">
    <subfield code="a">Hidalgo G&#xF3;mez, Jairo Emil</subfield>
  </datafield>
  <datafield tag="245" ind1="1" ind2="0">
    <subfield code="a">Estrategias para el mejoramiento de la pr&#xE1;ctica docente en educaci&#xF3;n f&#xED;sica, en el segundo ciclo del nivel primario en la zona rural del Distrito Educativo 07-06, San Francisco de Macor&#xED;s, provincia Duarte, a&#xF1;o escolar 2020-2021 /</subfield>
    <subfield code="c">Jairo Emil Hidalgo G&#xF3;mez.</subfield>
  </datafield>
  <datafield tag="260" ind1=" " ind2=" ">
    <subfield code="a">San Francisco de Macor&#xED;s :</subfield>
    <subfield code="b">UASD,</subfield>
    <subfield code="c">2021.</subfield>
  </datafield>
  <datafield tag="300" ind1=" " ind2=" ">
    <subfield code="a">113 h. </subfield>
  </datafield>
  <datafield tag="502" ind1=" " ind2=" ">
    <subfield code="a">Tesis y trabajo de grado (Maestr&#xED;a en Educaci&#xF3;n F&#xED;sica y el Deporte)--Universidad Aut&#xF3;noma de Santo Domingo, San Francisco de Macor&#xED;s,  2021.</subfield>
  </datafield>
  <datafield tag="504" ind1=" " ind2=" ">
    <subfield code="a">Incluye referencias bibliogr&#xE1;ficas.</subfield>
  </datafield>
  <datafield tag="520" ind1="3" ind2=" ">
    <subfield code="a">El objetivo general de esta investigaci&#xF3;n fue evaluar la aplicaci&#xF3;n de las estrategias que utilizan los docentes del segundo ciclo del nivel primario en la zona rural del Distrito Educativo 07-06, San Francisco de Macor&#xED;s, provincia Duarte, a&#xF1;o escolar 2020-2021, con el fin de mejorar su pr&#xE1;ctica docente. Esta investigaci&#xF3;n es descriptiva y de campo de corte transversal, con un enfoque mixto y dise&#xF1;o no experimental. La poblaci&#xF3;n de este estudio estuvo representada por 10 docentes de educaci&#xF3;n f&#xED;sica del segundo ciclo del nivel primario en la zona rural del Distrito Educativo 07-06, San Francisco de Macor&#xED;s, de los cuales se seleccion&#xF3; la poblaci&#xF3;n total como muestra. se utilizaron las t&#xE9;cnicas de la revisi&#xF3;n documental y la encuesta, y como instrumento se utiliz&#xF3; el cuestionario. Se concluye que el 80% de los docentes realizan muy frecuentemente actividades alternativas, como son circuitos de acci&#xF3;n motriz, juegos cooperativos, secuencias did&#xE1;cticas. Un 80% de los docentes a veces cuentan con los recursos necesarios para implementar las estrategias en la pr&#xE1;ctica de la educaci&#xF3;n f&#xED;sica, el 70% de estos tienen a su alcance material audiovisual e inform&#xE1;tico. La mayor&#xED;a de los docentes implementan siempre en sus pr&#xE1;cticas profesionales las observaciones sistem&#xE1;ticas como estrategias de evaluaci&#xF3;n en educaci&#xF3;n f&#xED;sica. Se puede decir que la mayor&#xED;a de los docentes utilizan buenas estrategias en sus pr&#xE1;cticas docentes, no obstante, existen factores como las condiciones de las instalaciones deportivas y la falta de algunos recursos y materiales que dificultan la implementaci&#xF3;n de las estrategias que los docentes quieren implementar en sus pr&#xE1;cticas, lo cual evidentemente entorpece el aprendizaje. Se recomend&#xF3; al Ministerio de Educaci&#xF3;n: proveer los centros educativos de las instalaciones deportivas apropiadas, recursos y materiales necesarios, de manera que los docentes puedan llevar a cabo sus pr&#xE1;cticas docentes de manera efectiva. A la Regional de Educaci&#xF3;n: motivar mediante charlas, cursos, talleres a los docentes, de forma que cuenten con las estrategias necesarias para realizar sus pr&#xE1;cticas docentes de acuerdo a los requisitos exigidos a los nuevos tiempos. Al Distrito Educativo 07-06 de San Francisco de Macor&#xED;s: suministrar a los docentes del material de soporte, material impreso y material audiovisual e inform&#xE1;tico necesario para que &#xE9;stos puedan implementar las estrategias que requieren la educaci&#xF3;n f&#xED;sica en los mencionados centros educativos. A los docentes: continuar capacit&#xE1;ndose en el &#xE1;rea de educaci&#xF3;n f&#xED;sica para que logren no solo ser licenciados en el &#xE1;rea, sino que alcancen la maestr&#xED;a y puedan estar mejor preparados para impartir dicha materia. Utilizar con mayor frecuencia actividades de circuitos de acci&#xF3;n motriz, para el an&#xE1;lisis, planificaci&#xF3;n y sistematizaci&#xF3;n de las actividades f&#xED;sico-deportivas y recreativas en el &#xE1;rea de educaci&#xF3;n f&#xED;sica.</subfield>
  </datafield>
  <datafield tag="650" ind1=" " ind2="7">
    <subfield code="2">lemb</subfield>
    <subfield code="9">10444</subfield>
    <subfield code="a">Educaci&#xF3;n f&#xED;sica</subfield>
    <subfield code="x">Estrategias y t&#xE9;cnica</subfield>
  </datafield>
  <datafield tag="650" ind1=" " ind2="7">
    <subfield code="2">lemb</subfield>
    <subfield code="9">52988</subfield>
    <subfield code="a">Deportes escolares</subfield>
  </datafield>
  <datafield tag="650" ind1=" " ind2="7">
    <subfield code="2">lemb</subfield>
    <subfield code="9">10542</subfield>
    <subfield code="a">Educaci&#xF3;n primaria</subfield>
  </datafield>
  <datafield tag="651" ind1=" " ind2="7">
    <subfield code="9">56420</subfield>
    <subfield code="a">San Francisco de Macor&#xED;s (Provincia Duarte)</subfield>
    <subfield code="y">2020-2021</subfield>
  </datafield>
  <datafield tag="830" ind1=" " ind2=" ">
    <subfield code="a">Tesis y disertaciones acad&#xE9;micas (Universidad Aut&#xF3;noma de Santo Domingo)</subfield>
  </datafield>
  <datafield tag="942" ind1=" " ind2=" ">
    <subfield code="2">cl</subfield>
    <subfield code="c">T</subfield>
    <subfield code="n">0</subfield>
  </datafield>
  <datafield tag="999" ind1=" " ind2=" ">
    <subfield code="c">12810</subfield>
    <subfield code="d">12810</subfield>
  </datafield>
</record>
